书目信息 |
| 题名: |
单片机原理与程序设计实验教程
|
|
| 作者: | 于殿泓 , 王新年 编著 | |
| 分册: | ||
| 出版信息: | 西安 西安电子科技大学出版社 2007.08 |
|
| 页数: | 206页 | |
| 开本: | 26cm | |
| 丛书名: | ||
| 单 册: | ||
| 中图分类: | TP368.1 | |
| 科图分类: | ||
| 主题词: | 单片微型计算机--dan pian wei xing ji suan ji--高等学校--教材 | |
| 电子资源: | ||
| ISBN: | 978-7-5606-1859-3 | |
| 000 | 01041nam0 2200265 450 | |
| 001 | 012007050423 | |
| 005 | 20071108083018.60 | |
| 010 | @a978-7-5606-1859-3@dCNY18.00 | |
| 100 | @a20071107d2007 km y0chiy0120 ea | |
| 101 | 0 | @achi |
| 102 | @aCN@b610000 | |
| 105 | @aa a 000yy | |
| 106 | @ar | |
| 200 | 1 | @a单片机原理与程序设计实验教程@Adan pian ji yuan li yu cheng xu she ji shi yan jiao cheng@f于殿泓, 王新年编著@Fyu dian hong,wang xin nian bian zhu |
| 210 | @a西安@c西安电子科技大学出版社@d2007.08 | |
| 215 | @a206页@c图@d26cm | |
| 300 | @a高等学校仪器仪表及自动化类专业规划教材 | |
| 320 | @a有书目 (第205-206页) | |
| 330 | @a本书以80C51系列单片机为例,通过大量实验,介绍单片机的原理及程序设计技术。全书内容分为3章,第一章主要介绍学生在学习单片机技术时应掌握的基本实验等。 | |
| 606 | 0 | @a单片微型计算机@Adan pian wei xing ji suan ji@x高等学校@j教材 |
| 690 | @aTP368.1@v4 | |
| 701 | 0 | @a于殿泓@Ayu dian hong@4编著 |
| 701 | 0 | @a王新年@Awang xin nian@4编著 |
| 801 | 0 | @aCN@b@c20071108 |
| 905 | @b265281-83@dTP368.1@eY706@f3 | |
| 单片机原理与程序设计实验教程/于殿泓, 王新年编著.-西安:西安电子科技大学出版社,2007.08 |
| 206页:图;26cm |
| 高等学校仪器仪表及自动化类专业规划教材 |
| ISBN 978-7-5606-1859-3:CNY18.00 |
| 本书以80C51系列单片机为例,通过大量实验,介绍单片机的原理及程序设计技术。全书内容分为3章,第一章主要介绍学生在学习单片机技术时应掌握的基本实验等。 |
| ● |
| 相关链接 |
|
|
|
正题名:单片机原理与程序设计实验教程
索取号:TP368.1/Y706
 
预约/预借
| 序号 | 登录号 | 条形码 | 馆藏地/架位号 | 状态 | 备注 |
| 1 | 265281 | 202652815 | 自科二线404/301自科库 58排4列2层/ [索取号:TP368.1/Y706] | 在馆 | |
| 2 | 265282 | 202652824 | 自科库301/301自科库 63排4列2层/ [索取号:TP368.1/Y706] | 在馆 | |
| 3 | 265283 | 202652833 | 自科库301/301自科库 63排4列2层/ [索取号:TP368.1/Y706] | 在馆 |